Datum a čas kvízu
29.5
Celkem bodů
Celkový počet nahraných bodů na tomto kvízu bez doplňovacích otázek.
8.
Pořadí na kvízu
Konečné umístění týmu na tomto kvízu.
Zaznamenané odpovědi
| # | Otázka | Odpověď | Body | Výsledky |
|---|---|---|---|---|
| 1. | Jak se nazývá aplikace, kterou... | eDoklady | 0 | |
| 2. | Hřbitov Highgate v severním Lo... | Karl Marx | 0 | |
| 3. | Která kapela oslavila minulý t... | Divokej Bill | 1 | |
| 4. | Jak se nazývá největší cvičení... | Pevný obránce (Steadfast Defender) | 0 | |
| 5. | Česká republika slaví zlato a... | Martin Macík | 1 | |
| 6. | Podíváme se do historie na výp... | do Itálie | 1 | |
| 7. | Zajímavé byly osudy Přemyslovn... | Dagmar, Dánsko | 1 | |
| 8. | Jednou z možností, jak se dost... | Jiří z Poděbrad | 1 | |
| 9. | Země Františka Josefa byla obj... | Rusku | 0 | |
| 10. | Období husitství představovalo... | D | 1 |